00881nam a2200217 a 450000100100000000500170001000800410002702000150006804000250008308200170010810000300012524501510015526000380030630000360034450000680038053400230044870000450047104900090051695201210052599900170064600002417220200930022758.0110119s1987 mx ac r 000 0 spa d a9684093551 aDO-SdBNPbspacBNPHu axxxxxbM478o1 aMc Farland, Gerald94963713aEl oeste :bsueño americano, historia de cuatro familias típicas de los E.U.A. /cGerald Mc Farland ; traducción Ela Colmenares de Gedovius. aMéxico, D. F. :bEDAMEX,c1987. a290 p. :bil., retrs. ;c21 cm. aIncluye referencia biográfica del autor en la contracubierta. aA scattered people1 aColmenares de Gedovius, Ela,etr.949638 aBNGR 001054708MOaGRbGRcCTd2011-01-19iLF1l0oxxxxx M478op24172-10r2020-06-25w2020-06-25y4ZPréstamo en sala c23666d23666